书目信息 |
| 题名: |
安装工程质量问题案例分析与处理
|
|
| 作者: | 李沛云 主编 | |
| 分册: | ||
| 出版信息: | 北京 中国建筑工业出版社 2011 |
|
| 页数: | 369页 | |
| 开本: | 20cm | |
| 丛书名: | ||
| 单 册: | ||
| 中图分类: | TU758 | |
| 科图分类: | ||
| 主题词: | 建筑安装--jian zhu an zhuang--工程质量--案例--中国 | |
| 电子资源: | ||
| ISBN: | 978-7-112-13364-2 | |
| 000 | 00957nam0 2200217 450 | |
| 001 | 0100004126 | |
| 005 | 20191030110502.36 | |
| 010 | @a978-7-112-13364-2@dCNY30.00 | |
| 100 | @a20111011d2011 em y0chiy50 ea | |
| 101 | 0 | @achi |
| 102 | @aCN@b110000 | |
| 105 | @ay z 000yy | |
| 200 | 1 | @a安装工程质量问题案例分析与处理@Aan zhuang gong cheng zhi liang wen ti an li fen xi yu chu li@f李沛云主编 |
| 210 | @a北京@c中国建筑工业出版社@d2011 | |
| 215 | @a369页@d20cm | |
| 330 | @a本书收集了燃气、热力、空调、制冷等工业管道工程、中型锅炉、大型设备、焊接及电气安装调试工程中的质量、安全等技术问题(或事故),共112例。对其发生的原因、经过和产生的后果做了较详细的分析、阐述,同时还介绍了解决这些问题的具体技术方案,并对其做了恰当的评估,进而指出应该从中吸取的教训。 | |
| 606 | 0 | @a建筑安装@Ajian zhu an zhuang@x工程质量@x案例@y中国 |
| 690 | @aTU758@v5 | |
| 701 | 0 | @a李沛云@Ali pei yun@4主编 |
| 801 | 0 | @aCN@c20150822 |
| 905 | @a河南城建学院图书馆@dTU758@eL228 | |
| 安装工程质量问题案例分析与处理/李沛云主编.-北京:中国建筑工业出版社,2011 |
| 369页;20cm |
| ISBN 978-7-112-13364-2:CNY30.00 |
| 本书收集了燃气、热力、空调、制冷等工业管道工程、中型锅炉、大型设备、焊接及电气安装调试工程中的质量、安全等技术问题(或事故),共112例。对其发生的原因、经过和产生的后果做了较详细的分析、阐述,同时还介绍了解决这些问题的具体技术方案,并对其做了恰当的评估,进而指出应该从中吸取的教训。 |
| ● |
| 相关链接 |
|
|
|
正题名:安装工程质量问题案例分析与处理
索取号:TU758/L228
 
预约/预借
| 序号 | 登录号 | 条形码 | 馆藏地/架位号 | 状态 | 备注 |
| 1 | 1174924 | 211749241 | 建筑库201/201建筑库 43排3列4层/ [索取号:TU758/L228] | 在馆 | |
| 2 | 1174925 | 211749250 | 建筑库201/201建筑库 43排3列4层/ [索取号:TU758/L228] | 在馆 | |
| 3 | 1174926 | 211749269 | 建筑库201/201建筑库 43排3列4层/ [索取号:TU758/L228] | 在馆 | |
| 4 | 1448074 | 214480747 | 建筑库201/201建筑库 43排3列4层/ [索取号:TU758/L228] | 在馆 | |
| 5 | 1448075 | 214480756 | 建筑库201/201建筑库 43排3列4层/ [索取号:TU758/L228] | 在馆 | |
| 6 | 1448076 | 214480765 | 建筑库201/201建筑库 43排3列4层/ [索取号:TU758/L228] | 在馆 | |
| 7 | 1448077 | 214480774 | 建筑库201/201建筑库 43排3列4层/ [索取号:TU758/L228] | 在馆 | |
| 8 | 1448078 | 214480783 | 建筑库201/201建筑库 43排3列4层/ [索取号:TU758/L228] | 在馆 | |
| 9 | 1448079 | 214480792 | 建筑库201/201建筑库 43排3列4层/ [索取号:TU758/L228] | 在馆 |